000 01117cam a2200313 a 4500
999 _c22303
_d22303
001 3569312
005 20170123164739.0
008 980721s1998 nhu b 001 0 eng
010 _a 98172906
020 _a032500000X
040 _aDLC
_cDLC
_dDLC
043 _an-us---
050 0 0 _aLB1573
_b.C35 1998
100 1 _aCalkins, Lucy,
_d1951-
245 1 2 _aA teacher's guide to standardized reading tests :
_bknowledge is power /
_cLucy Calkins, Kate Montgomery, Donna Santman ; with Beverly Falk.
260 _aPortsmouth, NH :
_bHeinemann,
_cc1998.
300 _aviii, 199 p. :
_c24 cm.
504 _aIncludes bibliographical references (p. 188-191) and index.
650 0 _aReading (Elementary)
_xAbility testing
_zUnited States.
650 0 _aTest-taking skills
_zUnited States.
700 1 _aMontgomery, Kate.
700 1 _aSantman, Donna.
700 1 _aFalk, Beverly.
942 _2lcc
_cBOOKS
_hLB1573 .C35 1998